00342 a2200097 4500001001000000005001700010008004100027245009800068100002700166773005100193ART_4330820260410161708.0260409a 10aLa exteriorización de bienes inmuebles y las implicancias futuras en la tributación local1 aMastandrea, Alberto F.0 tRevista Impuestosg- Nº 4 (abr. 2017)wREV639